Every AFC Championship Game Winner - Statistics

General Stats
  • This quiz has been taken 15 times
  • The average score is 40 of 55
Answer Stats
Year Team % Correct
1970 Baltimore Colts
91%
1990 Buffalo Bills
82%
1991 Buffalo Bills
82%
1992 Buffalo Bills
82%
1993 Buffalo Bills
82%
2021 Cincinnati Bengals
82%
2019 Kansas City Chiefs
82%
2020 Kansas City Chiefs
82%
2022 Kansas City Chiefs
82%
2023 Kansas City Chiefs
82%
2024 Kansas City Chiefs
82%
2016 New England Patriots
82%
2017 New England Patriots
82%
2018 New England Patriots
82%
2010 Pittsburgh Steelers
82%
2012 Baltimore Ravens
73%
1981 Cincinnati Bengals
73%
1988 Cincinnati Bengals
73%
1986 Denver Broncos
73%
1987 Denver Broncos
73%
1989 Denver Broncos
73%
1997 Denver Broncos
73%
1998 Denver Broncos
73%
2013 Denver Broncos
73%
2015 Denver Broncos
73%
2006 Indianapolis Colts
73%
2009 Indianapolis Colts
73%
1971 Miami Dolphins
73%
1972 Miami Dolphins
73%
1973 Miami Dolphins
73%
1982 Miami Dolphins
73%
1984 Miami Dolphins
73%
1996 New England Patriots
73%
2001 New England Patriots
73%
2003 New England Patriots
73%
2004 New England Patriots
73%
2007 New England Patriots
73%
2011 New England Patriots
73%
2014 New England Patriots
73%
1974 Pittsburgh Steelers
73%
1975 Pittsburgh Steelers
73%
1978 Pittsburgh Steelers
73%
1979 Pittsburgh Steelers
73%
1995 Pittsburgh Steelers
73%
2005 Pittsburgh Steelers
73%
2008 Pittsburgh Steelers
73%
2000 Baltimore Ravens
64%
1977 Denver Broncos
64%
1983 Los Angeles Raiders
64%
1985 New England Patriots
64%
1976 Oakland Raiders
64%
1980 Oakland Raiders
64%
1999 Tennessee Titans
64%
2002 Oakland Raiders
55%
1994 San Diego Chargers
55%
No matching quizzes found
Score Distribution
Percent of People with Each Score
Percentile by Number Answered
Your Score History
You have not taken this quiz